Регионална библиотека "Любен Каравелов" - Русе

Брезе (Запис номер 179643)

MARC детайли
000 -Лидер
Контролно поле с фиксирана дължина 01524nam a2200397 c 4500
003 - Код на организацията, давaща контролен номер
Контролно поле BLK
005 - Дата и час на последна редакция
Контролно поле 20180422115027.0
008 - Елементи от данни с фиксирана дължина
fixed length control field 180411b bul|||||r ||||||| ||bul||
010 ## - Наследен системен номер
LC control number KNG00188427000
020 ## - Международен стандартен номер на книга ISBN
Международен стандартен номер на книга ISBN 978-619-7091-11-3
-- издат.: Тафпринт
040 ## - Източник на каталожния запис
Идентификатор на билиотеката - собственик на записа BLK
041 ## - Код за език
Код за езика на текст/звукозапис или на отделно заглавие Български
Код за езика КДБФ Български
072 #7 - Код за тематичната категория
Код организация bullib
Код за тематична категория Н93
Текст Краезнание - отраслова литература Н
080 ## - УДК
Текстов определител УДК Краезнание
УДК код - определител по УДК 908
УДК определител (497.23-22)
УДК - код + определител 908(497.23-22)
139 ## - Редно поле
Редна дума Брезе
Авторски знак Бре - Б 80
245 10 - Сведения за заглавието
Заглавие Брезе
Подзаглавни данни Страници из миналото на едно старинно родопско селище
Редно поле (дума) авт.-състав. Александър Димитров Пижев; фотогр. Неделиян Нешев.
257 ## - Страна на издаване
Страна на създаване/издаване България
260 ## - Област на издателските данни
-- Пловдив
Име на издателя, разпространителя и проч. Тафпринт
Година на издаване 2015
300 ## - Физическа характеристика
Страници 119 с., 32 л.
Илюстрации и др. сн., к.
Размери/Мащаб 20 см
380 ## - Жанр
Жанр История
650 #4 - Допълнително описание по предмет – тема
Основно описание – тема или топоним Села - България - история
9 (RLIN) 243048
651 #4 - Допълнително описание по предмет - топоним
Географско понятие Смолянско
9 (RLIN) 179564
653 ## - Ключова дума – ненормативна
Ключова дума села
653 ## - Ключова дума – ненормативна
Ключова дума краезнание
653 ## - Ключова дума – ненормативна
Ключова дума история
653 ## - Ключова дума – ненормативна
Ключова дума етнография
653 ## - Ключова дума – ненормативна
Ключова дума Родопски край
659 ## - Тематичен бюлетин
Тематичен бюлетин Н
700 1# - Други автори (авторска отговорност)
Лично име Пижев, Александър Димитров
Автороска отговорност (Описва отношението между автора и произведението) авт.-състав.
9 (RLIN) 110623
700 1# - Други автори (авторска отговорност)
Лично име Нешев, Неделиян
Автороска отговорност (Описва отношението между автора и произведението) фотогр.
9 (RLIN) 373799
852 ## - Местоположение
Форматна сигнатура Цб 280992
856 4# - Електронен адрес и достъп
Електронен формат pdf - файл
Път до файла /url/
856 4# - Електронен адрес и достъп
Електронен формат pdf - файл
Път до файла /url/
942 ## - АРТИКУЛИ
Вид на библиотечния материал Книги
Скрит в OPAC Не
944 ## - СЪЗДАВАНЕ И РЕДАКЦИЯ на ЗАПИСА
Създаване/Редакция Създаване
Дата на регистрацията/редакция 10.06.2016
Служител, извършил регистрацията/редакцията Виолета_Тройчева
944 ## - СЪЗДАВАНЕ И РЕДАКЦИЯ на ЗАПИСА
Създаване/Редакция Редакция
Дата на регистрацията/редакция 04.07.2016
Служител, извършил регистрацията/редакцията Геновева_Генчева
999 ## - СИСТЕМНИ КОНТРОЛНИ НОМЕРА
Koha biblionumber 179643
Koha biblioitemnumber 179643
Наличности
Код за отписване Код за изгубен артикул Код за повреда Коз за рестрикции Код за отдаване Артикулен № Име на библиотеката - собственик Име на библиотеката, в която се намира в момента Статус (Текущо местоположение) Дата на вписване в системата Местоположение - отдел Цена в лева Инвентарен номер Систематично азбучна сигнатура Баркод Номер на екземпляра Цена в евро Служебна бележка Служебен тип на артикула
  Не е изгубен Не е повреден без рестрикции ползва се в читалня 308030 Регионална библиотека "Любен Каравелов" Русе Регионална библиотека "Любен Каравелов" Русе Хранилище 2016-06-15 Хранилище 9.00 120000801043 Цб 280992 120000801043 1 4.60 Дост: Dp Вид: Д N: 19 Дата: 11.04.2016 Книги
Vip Innovations Ltd, Rousse, Bulgaria 2025